| 000 | 00461nmm a2200169Ia 4500 | ||
|---|---|---|---|
| 008 | 251105s9999||||xx |||||||||||||||||und|| | ||
| 020 | _a9788498164626 | ||
| 041 | _aspa | ||
| 100 | _aPaz Soldán, Pedro | ||
| 245 | 0 | _aMemorias de un viajero peruano | |
| 264 |
_a[Madrid, España] : _bLinkgua, _c2011 |
||
| 300 | _a482 páginas | ||
| 490 | _aMemoria-viajes | ||
| 650 | _aBiography | ||
| 856 | _uhttps://public.digitaliapublishing.com/a/16883 | ||
| 942 | _cCF | ||
| 999 |
_c91190 _d91190 |
||